Điện Biên Phủ : Chiến dịch lịch sử (Hồi ức)
Sparad:
| Huvudupphovsman: | |
|---|---|
| Materialtyp: | Bok |
| Språk: | Undetermined |
| Publicerad: |
Hà Nội
Quân đội nhân dân
1994
|
| Ämnen: | |
| Taggar: |
Lägg till en tagg
Inga taggar, Lägg till första taggen!
|
| Thư viện lưu trữ: | Trung tâm Học liệu Trường Đại học Cần Thơ |
|---|
| LEADER | 00623nam a2200205Ia 4500 | ||
|---|---|---|---|
| 001 | CTU_10970 | ||
| 008 | 210402s9999 xx 000 0 und d | ||
| 082 | |a 959.7044 | ||
| 082 | |b Th103 | ||
| 100 | |a Hoàng Văn Thái | ||
| 245 | 0 | |a Điện Biên Phủ : | |
| 245 | 0 | |b Chiến dịch lịch sử (Hồi ức) | |
| 245 | 0 | |c Hoàng Văn Thái | |
| 260 | |a Hà Nội | ||
| 260 | |b Quân đội nhân dân | ||
| 260 | |c 1994 | ||
| 650 | |a Dien Bien Phu ( Vietnam ), battle of, 1946-1954,Vietnam | ||
| 650 | |x War | ||
| 650 | |y 1946-1954 | ||
| 980 | |a Trung tâm Học liệu Trường Đại học Cần Thơ | ||